| 000 | 02341cam a2200193 i 4500 | ||
|---|---|---|---|
| 005 | 20260615161205.0 | ||
| 020 | _a9781529058345 | ||
| 082 | 0 | 0 | _a305.523 4 ABR/H |
| 100 | 1 |
_aAbrahamian, Atossa Araxia _eauthor. _916247 |
|
| 245 | 1 | 4 |
_aThe hidden globe : _bhow wealth hacks the world / _cby Atossa Araxia Abrahamian. |
| 260 |
_a. - UK _b: Picador _c, 2024 |
||
| 300 | _a324 pages ; | ||
| 520 | _a"Borders draw one map of the world; money draws another. A journalist's riveting account exposes a parallel universe exempt from the laws of the land, and how the wealthy and powerful benefit from it. The map of the globe depicts the world we think we know: neatly delineated sovereign nations that bestow and restrict the rights of the citizens and entities within their borders. For wealthy individuals and corporations, however, borders are porous, and the globe is pockmarked with thousands of special zones that exist beyond any nation's control, for their benefit. And for those at the opposite end of privilege, the map fails to prevent exploitation by foreign powers, or willfully creates cracks where refugees fleeing war and hardship can be captured and kept in stateless limbo indefinitely. In this fast-paced and fascinating narrative, Atossa Abrahamian explores this parallel universe. Starting in thirteenth-century Switzerland, where a confederation of poor cantons marketed the commodity they had - bodies, in the form of mercenaries - she stalks the legacy of statelessness around world, from an Emirati-owned port in Somalia to the new charter cities, semi-autonomous city-states in poor countries like Honduras that are controlled by foreign governments or multinational corporations, to Luxembourg, which wants to use its tiny perch to send capitalism into outer space via asteroid mining. Along the way, we meet the shadowy CEOs, visionary statesmen, eccentric theorists, prize-winning economists, and alarming ideologues who are the masterminds of this parallel order. By mapping the hidden geography that increasingly determines who wins and who loses in the new global order - and how it might be otherwise - The Hidden Globe fascinates, enrages, and inspires"-- | ||
| 650 | 0 |
_aWealth. _916248 |
|
| 650 | 0 |
_aIncome distribution. _97048 |
|
| 650 | 0 |
_aRich people _916249 |
|
| 650 | 0 |
_aBoundaries _916250 |
|
| 942 |
_2ddc _cBK |
||
| 999 |
_c760641 _d760641 |
||